000 00259nam a22001217a 4500
003 SGT
082 _a151
_bD11F
100 _aFELDMAN,ROBERT S.
245 _a DISCOVERING THE LIFE SPAN
260 _aDELHI
_bPEARSON
_c2011
300 _a394
942 _2ddc
_cBK
999 _c10558
_d10558